00601nam a2200205Ia 4500003000400000005001700004008004100021020001800062040001800080041000800098082002000106100001900126245006700145250001200212260004500224300002700269650003800296650003000334650003100364OSt20241104103012.0210716s2007 xx 000 0 und d a9780230327764 cAIMIT LIBRARY aeng a519.5 21bTAYS aTaylor, Sonia. aBusiness statistics for non mathematicians /cBy Sonia Taylor. a2nd ed. aNew Delhi :bPalgrave macmillan ,c2007. axvi,368p. ;bPBc24 cm aGraphical respresentation of data aNumerical summary of data aCorrelation and regression